Statistics for Flags without white

Click here to take the quiz!

General Stats

  • This quiz has been taken 1,904 times
  • The average score is 26 of 52

Answer Stats

HintAnswer% Correct
China
83%
Germany
78%
Sweden
73%
Belgium
71%
Spain
71%
Romania
67%
Bangladesh
64%
Ukraine
64%
Vietnam
64%
Chad
61%
Albania
60%
Colombia
59%
Morocco
59%
Lithuania
58%
Jamaica
57%
Mali
56%
Guinea
55%
Armenia
54%
Ghana
53%
Mongolia
52%
Kazakhstan
51%
Senegal
51%
Moldova
50%
Palau
50%
Angola
49%
Benin
48%
Bolivia
47%
Congo
47%
Guinea Bissau
47%
Macedonia
47%
Mauritania
47%
Cameroon
46%
Zambia
46%
Ethiopia
44%
Sri Lanka
43%
Bahamas
42%
Gabon
42%
Montenegro
42%
Rwanda
42%
Barbados
41%
Kyrgyzstan
41%
Burkina Faso
40%
Mauritius
40%
Tanzania
39%
Liechtenstein
38%
Eritrea
37%
Malawi
37%
Grenada
33%
Vanuatu
33%
Sao Tome and Principe
32%
Saint Vincent and the Grenadines
16%
Democratic Republic of the Congo
7%

Score Distribution

Percentile by Number Answered

Percent of People with Each Score

Your Score History

You have not taken this quiz